| 000 | 01107pam a2200337 a 4500 | ||
|---|---|---|---|
| 001 | zswift b1143328 | ||
| 003 | OSt | ||
| 005 | 20250902011711.0 | ||
| 008 | 071029s2008 nyu 000 1 eng | ||
| 010 | _a 2007044774 | ||
| 020 | _a9780399154843 | ||
| 040 |
_aDLC _cDLC |
||
| 043 | _ae-uk-en | ||
| 100 | 1 | _aQuick, Amanda. | |
| 245 | 1 | 4 |
_aThe Third Circle / _cAmanda Quick. |
| 260 |
_aNew York : _bG.P. Putnam's Sons, _cc2008. |
||
| 300 |
_a342 p. ; _c24 cm. |
||
| 490 | 1 | _aAn Arcane society novel. | |
| 520 | 0 | _aLeona Hewitt encounters Arcane Society member and mesmerist Thaddeus Ware when they both try to recover a relic from a private museum. | |
| 650 | 0 |
_aArcane Society (Imaginary organization) _vFiction. |
|
| 650 | 0 |
_aRelics _vFiction. |
|
| 650 | 0 |
_aHypnotists _vFiction. |
|
| 650 | 0 |
_aSecret societies _zEngland _vFiction. |
|
| 655 | 7 |
_aThrillers (Fiction) _2lcgft. |
|
| 655 | 7 |
_aRomance fiction. _2lcgft. |
|
| 655 | 7 |
_aHistorical fiction. _2lcgft. |
|
| 800 | 1 |
_aQuick, Amanda. _tArcane Society novel. |
|
| 830 | 0 | _aArcane Society novel. | |
| 907 | _a.b282786922 | ||
| 942 | _cBK | ||
| 999 |
_c31075 _d31073 |
||